000 00672nam a22002292 4500
999 _c18361
_d18361
001 0000009210
003 OSt
005 20200727090954.0
008 080912s xx 000 0 eng d
020 _a0830851874
040 _aKABU
_cKABU
050 _aBR100
_b.M67 2017 c.1
100 1 _aMoreland, J. P.
245 1 0 _aPhilosophical foundations for a christian worldview /
_cJ. P. Moreland & William Lane Craig.
260 _aDowners Grove, IL. :
_bIVP Academic
_c2017
300 _axxi, 676p.
650 0 _aChristianity
_xPhilosophy.
700 1 _aCraig, William Lane.
908 _a080912
942 _2lcc
_cBK